Only Friend - Wallows (All Lyrics) - Statistics

General Stats
  • This quiz has been taken 18 times
  • The average score is 82 of 91
Answer Stats
Hint Answer % Correct
a
100%
a
100%
again
100%
again ?
100%
an
100%
at
100%
do
100%
friend
100%
friend
100%
I
100%
I
100%
I
100%
me
100%
me
100%
my
100%
off
100%
only
100%
only
100%
to
100%
to
100%
To
100%
You
100%
you
100%
you
100%
anymore
93%
be
93%
don't
93%
in
93%
in
93%
signing
93%
the
93%
the
93%
the
93%
the
93%
the
93%
the
93%
Too
93%
Too
93%
too,
93%
what
93%
Who
93%
world ?
93%
world
93%
You're
93%
Pre-chorus You're
93%
you're
93%
alone
86%
and
86%
and
86%
back
86%
But
86%
come
86%
door
86%
feel
86%
feels
86%
Finding
86%
for
86%
girl ?
86%
Girl
86%
Girl
86%
Girl
86%
Girl
86%
It's
86%
it's
86%
know
86%
need
86%
need
86%
not
86%
Oh,
86%
Chorus Pick
86%
pieces
86%
place
86%
same
86%
say
86%
through
86%
up
86%
When
86%
all
79%
close
79%
complicated
79%
done
79%
ear
79%
ending
79%
keep
79%
many
79%
reasons
79%
said
79%
Outro Will
79%
Will
79%
faded
71%
Verse Weathered
71%
No matching quizzes found
Score Distribution
Percent of People with Each Score
Percentile by Number Answered
Your Score History
You have not taken this quiz